|
|
|
|
| LEADER |
00000nab a2200000 a 4500 |
| 001 |
vtls000671149 |
| 003 |
SK-MaSNL |
| 005 |
20260304090550.0 |
| 008 |
250425c1996 xo 0 slo |
| 015 |
|
|
|a SNBRB1998/08-21582
|
| 035 |
|
|
|a CLN000023326
|
| 035 |
|
|
|a urn:nbn:sk:snk-abibc
|
| 035 |
|
|
|a (urnnbn)urn:nbn:sk:snk:ar-a04bn0
|
| 035 |
|
|
|a (uuid)c84bc2fd-69b8-4cfd-a33d-be972bebe27b
|
| 040 |
|
|
|a SNKBUCL
|b slo
|c SNKBUCL
|e AACR2
|
| 041 |
0 |
|
|a eng
|
| 044 |
|
|
|a xo
|c SK
|
| 080 |
|
|
|a 534.2:537.3
|2 1997
|
| 080 |
|
|
|a 537.3
|2 1997
|
| 100 |
1 |
|
|a Berezina, S.
|4 aut
|9 835629
|
| 245 |
1 |
0 |
|a On the possibility of improvement of acoustic microscope resolution by spherical transformer
|c S. Berezina, I. Turek
|
| 300 |
|
|
|b Obr.
|
| 504 |
|
|
|a Res. angl.
|
| 504 |
|
|
|a Bibliogr. odkazy
|
| 650 |
0 |
7 |
|a akustické mikroskopy
|2 snkbucl
|9 49569
|
| 650 |
0 |
7 |
|a transformátory sférické
|2 snkbucl
|9 1381828
|
| 655 |
|
7 |
|a články z novín a časopisov
|2 snkbucl
|9 267496
|
| 700 |
1 |
|
|a Turek, I.
|4 aut
|9 787212
|
| 773 |
0 |
|
|t Acta physica slovaca
|g Roč. 46, č. 6 (1996), s. 677-681
|x 0323-0465
|
| 850 |
|
|
|a Slovenská národná knižnica
|
| 852 |
|
|
|a Slovenská národná knižnica
|
| 958 |
|
|
|a article27
|
| 958 |
|
|
|a OND
|
| 958 |
|
|
|a EUIPO
|
| 999 |
|
|
|c 2811862
|d 2813792
|